000 00302nam a2200109Ia 4500
005 20251222143142.0
008 251222s9999||||xx |||||||||||||| ||spa||
082 _a362.290.3/C76
245 0 _aEstudio del Impacto Social y Económico del Consumo de Drogas en el Perú:
264 _bDevida
942 _cLIB
999 _c12334
_d12334